书目信息 |
| 题名: |
果蔬糖渍工艺学
|
|
| 作者: | 龙燊 编著 | |
| 分册: | ||
| 出版信息: | 北京 中国轻工业出版社 1987.3 |
|
| 页数: | 252页 | |
| 开本: | 19cm | |
| 丛书名: | ||
| 单 册: | ||
| 中图分类: | TS255.41 | |
| 科图分类: | ||
| 主题词: | 糖渍食品--食品加工 | |
| 电子资源: | ||
| ISBN: | 7-5019-0444-8 | |
| 000 | 00666cam0 2200229 450 | |
| 001 | 0100421540 | |
| 005 | 20060614125240.0 | |
| 010 | @a7-5019-0444-8@dCNY6.90@z7-5019-0444-9 | |
| 011 | @a7-5019-0444-8 | |
| 100 | @a19930916e19931987em y0chiy0110 ea | |
| 101 | 0 | @achi |
| 102 | @aCN@b110000 | |
| 105 | @ay z 000yy | |
| 106 | @ar | |
| 200 | 1 | @a果蔬糖渍工艺学@9Guo Shu Tang Zi Gong Yi Xue @f龙燊编著@b专著 |
| 210 | @a北京@c中国轻工业出版社@d1987.3@h1993.2重印 | |
| 215 | @a252页@d19cm | |
| 606 | 0 | @a糖渍食品@x食品加工 |
| 690 | @aTS255.41@v三版 | |
| 701 | 0 | @a龙燊@9long shen@4编著 |
| 801 | 0 | @aCN@bAiZhiMarc@c19930916 |
| 905 | @aBZT@dTS255.41@e2@f6@sTS255.41/2 | |
| 果蔬糖渍工艺学/龙燊编著.-北京:中国轻工业出版社,1987.3(1993.2重印) |
| 252页;19cm |
| ISBN 7-5019-0444-8:CNY6.90 |
| ● |
| 相关链接 |
|
|
|
正题名:果蔬糖渍工艺学
索取号:TS255.41/2
 
预约/预借
| 序号 | 登录号 | 条形码 | 馆藏地/架位号 | 状态 | 备注 |
| 1 | 2000106995 | 2000106995 | 旧书回溯/ [索取号:TS255.41/2] | 在馆 | |
| 2 | 2000106996 | 2000106996 | 旧书回溯/ [索取号:TS255.41/2] | 在馆 | |
| 3 | 2000107004 | 2000107004 | 旧书回溯/ [索取号:TS255.41/2] | 在馆 | |
| 4 | 2000107005 | 2000107005 | 旧书回溯/ [索取号:TS255.41/2] | 在馆 | |
| 5 | 2000107006 | 2000107006 | 旧书回溯/ [索取号:TS255.41/2] | 在馆 | |
| 6 | 2000107007 | 2000107007 | 旧书回溯/ [索取号:TS255.41/2] | 在馆 |